000 00384nam a2200145Ia 4500
008 240624s9999 xx 000 0 und d
041 _aeng
082 _a658.7 SIM
100 _aSIMCHI LEVI DAVID
245 _aDESIGNING AND MANAGING THE SUPPLY CHAIN
250 _a(3rd ed.)
260 _c2008
_aNew Delhi
_bTata McGraw- Hill
300 _axxix, : 529 : p. : cm. ; 25
365 _cRS
999 _c20439
_d20439